[Event "8. Open de Calvia de Aficionados 2011"]
[Site "Calvià ESP"]
[Date "2011.10.12"]
[Round "5.21"]
[White "Gomez Olivares, Alejandro"]
[Black "Mercant Simo, Jaime"]
[Result "1-0"]
[WhiteElo "1947"]
[BlackElo "2083"]
[PlyCount "77"]
[EventDate "2011.10.08"]
[EventType "swiss"]
[EventRounds "9"]
[EventCountry "ESP"]
[Source "lmi"]
[SourceDate "2011.10.08"]

1. d4 Nf6 2. c4 g6 3. Nc3 d5 4. Bg5 Ne4 5. Bh4 Nxc3 6. bxc3 dxc4 7. e3 Be6 8.
Nf3 c6 9. Be2 Bg7 10. O-O h6 11. Qb1 b5 12. Ne5 Bxe5 13. dxe5 Nd7 14. a4 a6 15.
axb5 axb5 16. Rxa8 Qxa8 17. f4 Nc5 18. e4 Nb3 19. Qc2 Qa3 20. f5 gxf5 21. exf5
Bd5 22. Bh5 Rg8 23. g4 Qa7+ 24. Bf2 Qc7 25. e6 Rg5 26. Be3 Rxh5 27. exf7+ Bxf7
28. gxh5 Qd6 29. Qe4 Bd5 30. Qf4 Qf6 31. Re1 Qxc3 32. Bf2 Qh3 33. Qg3 Qxf5 34.
Rf1 Qxh5 35. Qb8+ Kd7 36. Qb7+ Kd6 37. Qb8+ Ke6 38. Re1+ Kf6 39. Qh8+ 1-0

[Event "8. Open de Calvia de Aficionados 2011"]
[Site "Calvià ESP"]
[Date "2011.10.12"]
[Round "5.22"]
[White "Moreno Mateos, Jose Luis"]
[Black "Castell Cantero, Salvador"]
[Result "0-1"]
[WhiteElo "1878"]
[BlackElo "2095"]
[PlyCount "60"]
[EventDate "2011.10.08"]
[EventType "swiss"]
[EventRounds "9"]
[EventCountry "ESP"]
[Source "lmi"]
[SourceDate "2011.10.08"]

1. d4 Nf6 2. c4 g6 3. Nc3 Bg7 4. e4 d6 5. f4 O-O 6. Nf3 c5 7. d5 e6 8. Be2 exd5
9. cxd5 Re8 10. Nd2 a6 11. a4 Nbd7 12. O-O Rb8 13. Re1 Nf8 14. Bf3 b5 15. e5
dxe5 16. fxe5 N6d7 17. e6 fxe6 18. dxe6 Nxe6 19. Bd5 Nf6 20. Nde4 Nxd5 21. Qxd5
b4 22. Bg5 Qc7 23. Ne2 Bb7 24. Qc4 Bxe4 25. Bf4 Qc6 26. Bxb8 Bd5 27. Qg4 Rxb8
28. Nf4 Nxf4 29. Qxf4 Bd4+ 30. Kh1 Bxg2# 0-1

[Event "8. Open de Calvia de Aficionados 2011"]
[Site "Calvià ESP"]
[Date "2011.10.12"]
[Round "5.23"]
[White "Navarrete Abraham, Jorge"]
[Black "Grichkevitch, Gilles"]
[Result "0-1"]
[WhiteElo "1862"]
[BlackElo "2081"]
[PlyCount "56"]
[EventDate "2011.10.08"]
[EventType "swiss"]
[EventRounds "9"]
[EventCountry "ESP"]
[Source "lmi"]
[SourceDate "2011.10.08"]

1. c4 g6 2. g3 Bg7 3. Bg2 d6 4. Nf3 Nf6 5. O-O O-O 6. Nc3 Nc6 7. d3 e5 8. Bg5
h6 9. Bxf6 Qxf6 10. Nd2 Qd8 11. e3 Be6 12. Nd5 Rb8 13. a3 Ne7 14. e4 c6 15. Ne3
Qd7 16. Re1 f5 17. exf5 gxf5 18. Nef1 d5 19. Qe2 f4 20. Nf3 Ng6 21. Rad1 Bh3
22. b4 Rbe8 23. Qa2 Kh8 24. Bh1 Qg4 25. N1d2 fxg3 26. hxg3 e4 27. dxe4 dxe4 28.
Nh2 Qxg3+ 0-1

[Event "8. Open de Calvia de Aficionados 2011"]
[Site "Calvià ESP"]
[Date "2011.10.12"]
[Round "5.24"]
[White "Asensio Ramos, Enrique Fernando"]
[Black "Garcia Lopez, Luis Manuel"]
[Result "0-1"]
[WhiteElo "1785"]
[BlackElo "2059"]
[PlyCount "60"]
[EventDate "2011.10.08"]
[EventType "swiss"]
[EventRounds "9"]
[EventCountry "ESP"]
[Source "lmi"]
[SourceDate "2011.10.08"]

1. d4 d5 2. Bf4 c6 3. e3 Qb6 4. b3 Nf6 5. Bd3 Na6 6. c3 g6 7. Nd2 Bg7 8. Ngf3
Bg4 9. h3 Bxf3 10. Qxf3 O-O 11. g4 Nd7 12. Qg3 Rae8 13. h4 e5 14. dxe5 Nxe5 15.
Bxe5 Bxe5 16. Qh3 Bxc3 17. h5 g5 18. Qf3 Re5 19. O-O-O Nb4 20. Nb1 Qc5 21. Qf6
Nxa2+ 22. Kc2 Ba1+ 23. Kd2 Qb4+ 24. Kc2 Qc5+ 25. Kd2 Qb4+ 26. Kc2 Qe7 27. Qh6
Nb4+ 28. Kd2 Nxd3 29. Kxd3 Re6 30. Qxg5+ Qxg5 0-1

[Event "8. Open de Calvia de Aficionados 2011"]
[Site "Calvià ESP"]
[Date "2011.10.12"]
[Round "5.25"]
[White "Navarrete Solano, Jorge Jose"]
[Black "Mielke, Torsten"]
[Result "1-0"]
[WhiteElo "2055"]
[BlackElo "1812"]
[PlyCount "57"]
[EventDate "2011.10.08"]
[EventType "swiss"]
[EventRounds "9"]
[EventCountry "ESP"]
[Source "lmi"]
[SourceDate "2011.10.08"]

1. Nf3 g6 2. d4 d5 3. c4 e6 4. Nc3 c6 5. e4 dxe4 6. Nxe4 Nf6 7. Bd3 Nxe4 8.
Bxe4 Bg7 9. O-O O-O 10. Re1 f5 11. Bc2 Nd7 12. Bf4 b6 13. Qe2 Re8 14. Red1 Nf6
15. Be5 Qe7 16. Rd2 Ng4 17. Bxg7 Qxg7 18. h3 Nh6 19. d5 c5 20. Re1 Nf7 21. Ba4
Re7 22. d6 Rd7 23. Bc6 Rb8 24. Qxe6 Rd8 25. d7 Bb7 26. Ne5 Qf8 27. Bxb7 Rxb7
28. Nxf7 Qxf7 29. Qe8+ 1-0

[Event "8. Open de Calvia de Aficionados 2011"]
[Site "Calvià ESP"]
[Date "2011.10.13"]
[Round "6.1"]
[White "Scharrer, Patrick"]
[Black "Matthiesen, Martin"]
[Result "1/2-1/2"]
[WhiteElo "2269"]
[BlackElo "2277"]
[PlyCount "75"]
[EventDate "2011.10.08"]
[EventType "swiss"]
[EventRounds "9"]
[EventCountry "ESP"]
[Source "lmi"]
[SourceDate "2011.10.08"]

1. e4 c5 2. Nf3 d6 3. d4 cxd4 4. Nxd4 Nf6 5. Nc3 a6 6. h3 e6 7. g4 d5 8. exd5
Nxd5 9. Nde2 Bb4 10. Bg2 Nc6 11. O-O Nxc3 12. Nxc3 Qc7 13. Be3 Bxc3 14. bxc3
O-O 15. Rb1 Na5 16. Qd4 e5 17. Qb6 Qxb6 18. Bxb6 Nc6 19. Bc7 Re8 20. Rfd1 Ra7
21. Bd5 Be6 22. Bxe6 Rxe6 23. Bb8 Ra8 24. Rxb7 h5 25. Bc7 hxg4 26. hxg4 Rg6 27.
f3 f5 28. Rd6 Rxd6 29. Bxd6 Rd8 30. Bc5 fxg4 31. fxg4 Rd5 32. Be3 e4 33. Rb6
Ne5 34. Bd4 a5 35. Rb7 Nf3+ 36. Kf2 Nxd4 37. cxd4 Rxd4 38. Rc7 1/2-1/2

[Event "8. Open de Calvia de Aficionados 2011"]
[Site "Calvià ESP"]
[Date "2011.10.13"]
[Round "6.2"]
[White "Chueca Forcen, Alberto"]
[Black "Sokalsky, Alexander"]
[Result "0-1"]
[WhiteElo "2296"]
[BlackElo "2226"]
[PlyCount "118"]
[EventDate "2011.10.08"]
[EventType "swiss"]
[EventRounds "9"]
[EventCountry "ESP"]
[Source "lmi"]
[SourceDate "2011.10.08"]

1. d4 Nf6 2. Nf3 e6 3. Bg5 d5 4. e3 Be7 5. Bd3 Nbd7 6. Nbd2 c6 7. c3 a6 8. Ne5
Nxe5 9. dxe5 Nd7 10. Bf4 Qc7 11. Nf3 c5 12. Qe2 b6 13. e4 Bb7 14. exd5 exd5 15.
O-O Nf8 16. Bd2 Ne6 17. Ne1 g5 18. Nc2 h5 19. Rfe1 Bc6 20. b4 c4 21. Bf5 O-O-O
22. a4 Bd7 23. Qf1 Kb8 24. Be3 Rde8 25. f3 Qb7 26. Qf2 Bd8 27. Qd2 Nc5 28. bxc5
Bxf5 29. Nd4 Bd3 30. cxb6 Rhg8 31. a5 Ka8 32. Bf2 g4 33. f4 h4 34. Be3 f5 35.
Nb5 Re6 36. Nd6 Qc6 37. b7+ Kb8 38. Qf2 Rxd6 39. exd6 Kxb7 40. Bd4 g3 41. Qb2+
Kc8 42. Qb4 gxh2+ 43. Kxh2 Kd7 44. Qc5 Qxc5 45. Bxc5 Kc6 46. Bb4 Be4 47. Ra2
Bf6 48. Rb2 Rg3 49. Rc1 Rg4 50. Ba3 Bd8 51. Bb4 Rxf4 52. g3 hxg3+ 53. Kxg3 Rg4+
54. Kh3 Rh4+ 55. Kg3 f4+ 56. Kf2 Rh2+ 57. Kg1 Rxb2 58. d7 Rg2+ 59. Kf1 f3 0-1

[Event "8. Open de Calvia de Aficionados 2011"]
[Site "Calvià ESP"]
[Date "2011.10.13"]
[Round "6.3"]
[White "Perez Lopez, Jesus Maria"]
[Black "Galiana Salom, Juan Ramon"]
[Result "0-1"]
[WhiteElo "2280"]
[BlackElo "2236"]
[PlyCount "130"]
[EventDate "2011.10.08"]
[EventType "swiss"]
[EventRounds "9"]
[EventCountry "ESP"]
[Source "lmi"]
[SourceDate "2011.10.08"]

1. d4 Nf6 2. c4 c5 3. d5 b5 4. cxb5 a6 5. bxa6 g6 6. Nc3 Bxa6 7. e4 Bxf1 8.
Kxf1 d6 9. Nf3 Nbd7 10. h3 Bg7 11. Kg1 O-O 12. Kh2 Qb8 13. Re1 Nh5 14. Re2 Ne5
15. Nxe5 Bxe5+ 16. g3 Ng7 17. Bh6 Qb4 18. Qd3 Rfb8 19. Rc1 Qd4 20. Qc2 Qb4 21.
Kg2 f6 22. Qd3 Qd4 23. Qf3 Qc4 24. b3 Qa6 25. Nd1 f5 26. Bxg7 fxe4 27. Qxe4 Rb4
28. Rc4 Rxc4 29. bxc4 Kxg7 30. Ne3 Ra7 31. h4 Qc8 32. Ng4 Bd4 33. Nh2 Qf5 34.
Qxf5 gxf5 35. Nf3 Bf6 36. Ne1 Ra3 37. Rc2 Kf7 38. Kf1 f4 39. Kg2 e6 40. dxe6+
Kxe6 41. Nf3 fxg3 42. fxg3 d5 43. Re2+ Kd6 44. cxd5 Kxd5 45. g4 Ba1 46. g5 c4
47. Kg3 c3 48. Kg4 Bb2 49. h5 Rxa2 50. g6 hxg6 51. hxg6 Ra6 52. Kf5 Rf6+ 53.
Kg5 Rxf3 54. Rg2 Bc1+ 55. Kg4 Rf4+ 56. Kg3 Rf8 57. g7 Rg8 58. Kf3 Kc4 59. Rg6
Kd3 60. Rd6+ Kc2 61. Rg6 Kb1 62. Ke2 c2 63. Rg1 Kb2 64. Rg2 Bh6 65. Kd3 Rd8+
0-1

[Event "8. Open de Calvia de Aficionados 2011"]
[Site "Calvià ESP"]
[Date "2011.10.13"]
[Round "6.5"]
[White "Rodriguez Fontecha, Marcos"]
[Black "Van Den Bersselaar, Jeroen"]
[Result "1/2-1/2"]
[WhiteElo "2244"]
[BlackElo "2211"]
[PlyCount "43"]
[EventDate "2011.10.08"]
[EventType "swiss"]
[EventRounds "9"]
[EventCountry "ESP"]
[Source "lmi"]
[SourceDate "2011.10.08"]

1. d4 d5 2. Bf4 Nf6 3. e3 c5 4. c3 Nc6 5. Nd2 Bf5 6. Ngf3 e6 7. Qb3 Qc8 8. c4
cxd4 9. exd4 Be7 10. Be2 O-O 11. O-O Na5 12. Qa4 Nxc4 13. Bxc4 dxc4 14. Nxc4
Qd8 15. Rac1 Nd5 16. Bg3 Nb6 17. Nxb6 Qxb6 18. Rc7 Bf6 19. Qb3 Qxb3 20. axb3
Be4 21. Ne5 Bd8 22. Rcc1 1/2-1/2

[Event "8. Open de Calvia de Aficionados 2011"]
[Site "Calvià ESP"]
[Date "2011.10.13"]
[Round "6.6"]
[White "Spence, David J"]
[Black "Garcia Del Rey, Senen"]
[Result "1/2-1/2"]
[WhiteElo "2199"]
[BlackElo "2295"]
[PlyCount "33"]
[EventDate "2011.10.08"]
[EventType "swiss"]
[EventRounds "9"]
[EventCountry "ESP"]
[Source "lmi"]
[SourceDate "2011.10.08"]

1. e4 c5 2. c3 Nf6 3. e5 Nd5 4. d4 cxd4 5. cxd4 e6 6. Nf3 d6 7. Bc4 Nb6 8. Bb3
dxe5 9. Nxe5 Nc6 10. Nf3 Be7 11. Nc3 O-O 12. O-O Nb4 13. Re1 Bd7 14. Ne5 Bc6
15. a3 N4d5 16. Nxc6 bxc6 17. Ne4 1/2-1/2

[Event "8. Open de Calvia de Aficionados 2011"]
[Site "Calvià ESP"]
[Date "2011.10.13"]
[Round "6.7"]
[White "Sanchez Jerez, Emilio Miguel"]
[Black "Svensson, Mikael"]
[Result "1-0"]
[WhiteElo "2275"]
[BlackElo "2016"]
[PlyCount "65"]
[EventDate "2011.10.08"]
[EventType "swiss"]
[EventRounds "9"]
[EventCountry "ESP"]
[Source "lmi"]
[SourceDate "2011.10.08"]

1. Nf3 e6 2. g3 f5 3. Bg2 Nf6 4. O-O d5 5. d3 Nc6 6. Nbd2 Be7 7. c4 O-O 8. Nb3
Bd6 9. c5 Be7 10. Bf4 Nd7 11. Rc1 e5 12. Bd2 Nf6 13. Na5 Nxa5 14. Bxa5 e4 15.
Nd4 Bxc5 16. Rxc5 b6 17. Rc3 bxa5 18. Qa4 Rb8 19. b3 exd3 20. Rxd3 Ba6 21. Rd2
Ne4 22. Bxe4 dxe4 23. Qxa5 Qf6 24. Rc1 f4 25. Rc6 Qe7 26. Rxa6 e3 27. Rd3 exf2+
28. Kf1 fxg3 29. hxg3 Qe4 30. Nf3 Rf5 31. Qxc7 Re8 32. Qc4+ Qxc4 33. bxc4 1-0

[Event "8. Open de Calvia de Aficionados 2011"]
[Site "Calvià ESP"]
[Date "2011.10.13"]
[Round "6.8"]
[White "Gaya Llodra, Juan"]
[Black "Donovan, Linton"]
[Result "1/2-1/2"]
[WhiteElo "2160"]
[BlackElo "2262"]
[PlyCount "129"]
[EventDate "2011.10.08"]
[EventType "swiss"]
[EventRounds "9"]
[EventCountry "ESP"]
[Source "lmi"]
[SourceDate "2011.10.08"]

1. d4 Nf6 2. Nf3 c5 3. d5 b5 4. g3 Bb7 5. c4 bxc4 6. Nc3 e6 7. Bg5 exd5 8. Nxd5
Be7 9. Nxe7 Qxe7 10. Bg2 O-O 11. O-O d5 12. e4 dxe4 13. Bxf6 Qxf6 14. Nd2 Nd7
15. Nxe4 Qd4 16. Qc2 Qd3 17. Rac1 Rab8 18. Rfd1 Qxc2 19. Rxc2 Bxe4 20. Bxe4 Nb6
21. Rd6 g6 22. Bd5 Rfe8 23. h4 Kf8 24. Bxc4 Nxc4 25. Rxc4 Rxb2 26. Rd7 Rxa2 27.
Rf4 f5 28. Rxh7 Kg8 29. Rb7 Rd2 30. Ra4 Ra8 31. Ra6 c4 32. Rxg6+ Kh8 33. Rh6+
Kg8 34. Rg6+ Kh8 35. Rc6 Rc2 36. Rcc7 Rd2 37. Rh7+ Kg8 38. Rbg7+ Kf8 39. Rc7
Kg8 40. h5 Rd6 41. Rcg7+ Kf8 42. Rc7 Kg8 43. Rhg7+ Kh8 44. Rxa7 Rxa7 45. Rxa7
Rc6 46. Ra2 Kg7 47. f3 Kh6 48. Kf2 Kxh5 49. Ke3 Kg5 50. Kd4 f4 51. Ra5+ Kg6 52.
g4 c3 53. Ra1 c2 54. Rc1 Kg5 55. Kd3 Re6 56. Rxc2 Re3+ 57. Kd2 Rxf3 58. Ke2
Kxg4 59. Rc8 Ra3 60. Rg8+ Kh3 61. Kf2 Rg3 62. Rh8+ Kg4 63. Rg8+ Kf5 64. Rxg3
fxg3+ 65. Kxg3 1/2-1/2

[Event "8. Open de Calvia de Aficionados 2011"]
[Site "Calvià ESP"]
[Date "2011.10.13"]
[Round "6.9"]
[White "Lacrosse, Marc"]
[Black "Tscharotschkin, Michael"]
[Result "1/2-1/2"]
[WhiteElo "2144"]
[BlackElo "2223"]
[PlyCount "64"]
[EventDate "2011.10.08"]
[EventType "swiss"]
[EventRounds "9"]
[EventCountry "ESP"]
[Source "lmi"]
[SourceDate "2011.10.08"]

1. d4 e6 2. c4 f5 3. g3 Nf6 4. Bg2 d5 5. Nf3 c6 6. O-O Bd6 7. b3 Qe7 8. Bb2 O-O
9. Qc1 b5 10. cxb5 cxb5 11. Ne5 Bd7 12. Nd2 Rc8 13. Qb1 Nc6 14. Rc1 Ne4 15.
Nxc6 Bxc6 16. Nxe4 fxe4 17. Qc2 Bd7 18. Qd2 b4 19. Rxc8+ Rxc8 20. Rc1 Rf8 21.
Rf1 Be8 22. f3 Bg6 23. fxe4 Rxf1+ 24. Kxf1 dxe4 25. Qe3 Qf6+ 26. Ke1 Qf5 27.
Bc1 e5 28. Bb2 h5 29. dxe5 Bxe5 30. Bxe4 Qxe4 31. Qxe4 Bxg3+ 32. hxg3 Bxe4
1/2-1/2

[Event "8. Open de Calvia de Aficionados 2011"]
[Site "Calvià ESP"]
[Date "2011.10.13"]
[Round "6.10"]
[White "Hallerod, Ralph"]
[Black "Myhrvold, Rune"]
[Result "1/2-1/2"]
[WhiteElo "2122"]
[BlackElo "2183"]
[PlyCount "100"]
[EventDate "2011.10.08"]
[EventType "swiss"]
[EventRounds "9"]
[EventCountry "ESP"]
[Source "lmi"]
[SourceDate "2011.10.08"]

1. c3 e5 2. d4 e4 3. Bf4 d5 4. e3 Nf6 5. a3 Be7 6. c4 c6 7. Nc3 O-O 8. c5 Bg4
9. Be2 Bxe2 10. Ngxe2 Nh5 11. Bxb8 Rxb8 12. Ng3 Nxg3 13. hxg3 b6 14. cxb6 axb6
15. Qh5 h6 16. O-O g6 17. Qe2 Bd6 18. Rfc1 h5 19. Qe1 Qd7 20. Ne2 Kg7 21. f4
exf3 22. gxf3 Rh8 23. Kg2 Rbe8 24. Qf2 c5 25. Rh1 Qe6 26. Nc3 cxd4 27. exd4 Qf5
28. Rhe1 Rxe1 29. Rxe1 h4 30. gxh4 g5 31. Rh1 Rh5 32. Ne2 Qg6 33. Nc3 gxh4+ 34.
Kf1 Bg3 35. Qe2 Qf5 36. Rg1 Rh6 37. Qe5+ Qxe5 38. dxe5 Rh5 39. Ne2 Rxe5 40.
Nxg3 hxg3 41. Rxg3+ Kf6 42. f4 Re4 43. Rb3 Rxf4+ 44. Kg2 Ke5 45. Rxb6 d4 46.
Rb8 d3 47. Rb5+ Kd6 48. Rb8 Ke5 49. Rd8 Ke4 50. Kg3 Rf5 1/2-1/2

[Event "8. Open de Calvia de Aficionados 2011"]
[Site "Calvià ESP"]
[Date "2011.10.13"]
[Round "6.11"]
[White "Carlsten, Peter"]
[Black "Fernandez-Baldor Anibarro, Pablo"]
[Result "0-1"]
[WhiteElo "2019"]
[BlackElo "2175"]
[PlyCount "42"]
[EventDate "2011.10.08"]
[EventType "swiss"]
[EventRounds "9"]
[EventCountry "ESP"]
[Source "lmi"]
[SourceDate "2011.10.08"]

1. e4 c5 2. Nf3 d6 3. d4 cxd4 4. Nxd4 Nf6 5. Nc3 g6 6. g3 Bg7 7. Bg2 O-O 8. O-O
Nc6 9. h3 Nxd4 10. Qxd4 Be6 11. Qe3 b5 12. e5 dxe5 13. Bxa8 Qxa8 14. Kh2 b4 15.
Ne2 Qc8 16. Ng1 Bxh3 17. Qe2 Bxf1 18. Qxf1 Qxc2 19. Nf3 Ng4+ 20. Kg1 e4 21. Ne1
Qd1 0-1

[Event "8. Open de Calvia de Aficionados 2011"]
[Site "Calvià ESP"]
[Date "2011.10.13"]
[Round "6.12"]
[White "Fruebing, Thomas"]
[Black "Gomez Olivares, Alejandro"]
[Result "1-0"]
[WhiteElo "2166"]
[BlackElo "1947"]
[PlyCount "123"]
[EventDate "2011.10.08"]
[EventType "swiss"]
[EventRounds "9"]
[EventCountry "ESP"]
[Source "lmi"]
[SourceDate "2011.10.08"]

1. e4 c5 2. c3 Nf6 3. e5 Nd5 4. Bc4 e6 5. Nf3 Nc6 6. O-O d6 7. d4 dxe5 8. dxe5
Be7 9. Qe2 Qc7 10. Rd1 Nb6 11. Bb3 Bd7 12. Na3 a6 13. Nc4 Nxc4 14. Bxc4 O-O-O
15. Bf4 Na5 16. Bd3 Bc6 17. Rab1 c4 18. Bc2 Rxd1+ 19. Rxd1 Rd8 20. Nd2 b5 21.
Re1 Nb7 22. Ne4 Bxe4 23. Qxe4 g6 24. Be3 Kb8 25. Bd1 Rd5 26. Bf3 Nc5 27. Bxc5
Bxc5 28. Qe2 Rd3 29. Be4 Rd7 30. Bc2 Qd8 31. Rd1 Rxd1+ 32. Bxd1 Qd5 33. Bc2 Bb6
34. g3 Bc7 35. Be4 Qxe5 36. Qf3 a5 37. Ba8 Kc8 38. Qxf7 h5 39. Qe8+ Bd8 40.
Qc6+ Bc7 41. Qe8+ Bd8 42. Bc6 Qd6 43. Be4 b4 44. Qb5 Bb6 45. Qxc4+ Kd8 46. cxb4
axb4 47. Bxg6 Qe5 48. Qxb4 Bd4 49. Qd2 Ke7 50. Bxh5 Bxb2 51. Qb4+ Kd8 52. Bf3
Bd4 53. Qd2 Ke7 54. Kg2 Bc3 55. Qe2 Qd6 56. h4 Bf6 57. Be4 Qd4 58. h5 Bg7 59.
Bf3 Bh6 60. Bg4 Qd5+ 61. Kh2 Kf7 62. Qf3+ 1-0

[Event "8. Open de Calvia de Aficionados 2011"]
[Site "Calvià ESP"]
[Date "2011.10.13"]
[Round "6.13"]
[White "Asensio, Enrique"]
[Black "Navarrete Solano, Jorge Jose"]
[Result "1-0"]
[WhiteElo "2178"]
[BlackElo "2055"]
[PlyCount "91"]
[EventDate "2011.10.08"]
[EventType "swiss"]
[EventRounds "9"]
[EventCountry "ESP"]
[Source "lmi"]
[SourceDate "2011.10.08"]

1. d4 Nf6 2. c4 e5 3. dxe5 Ng4 4. Nf3 Nc6 5. e3 Ngxe5 6. Be2 Bb4+ 7. Bd2 Nxf3+
8. Bxf3 Bxd2+ 9. Qxd2 Ne5 10. Be2 d6 11. Nc3 Be6 12. b3 O-O 13. O-O f5 14. Nd5
c6 15. Nf4 Qe7 16. Rad1 Nf7 17. Qb4 Rab8 18. Bf3 Rfd8 19. Rd2 Ne5 20. Be2 Rd7
21. Rfd1 Rbd8 22. Qc3 Nf7 23. h4 Re8 24. g3 Nd8 25. Bf3 Bf7 26. Qa5 g6 27. Qxa7
Ne6 28. Nxe6 Qxe6 29. Qb6 h6 30. Qb4 Red8 31. a4 g5 32. hxg5 hxg5 33. Qa5 Qf6
34. Qb6 Qh6 35. Kg2 g4 36. Be2 Qh3+ 37. Kg1 Qh6 38. Bf1 Re8 39. Bg2 Re6 40. Qd4
Qh5 41. Qf4 Qg6 42. Rd4 Kf8 43. e4 Re5 44. exf5 Rxf5 45. Qxg4 Qf6 46. Be4 1-0

[Event "8. Open de Calvia de Aficionados 2011"]
[Site "Calvià ESP"]
[Date "2011.10.13"]
[Round "6.14"]
[White "Garcia Lopez, Luis Manuel"]
[Black "Walton, Alan J"]
[Result "0-1"]
[WhiteElo "2059"]
[BlackElo "2164"]
[PlyCount "96"]
[EventDate "2011.10.08"]
[EventType "swiss"]
[EventRounds "9"]
[EventCountry "ESP"]
[Source "lmi"]
[SourceDate "2011.10.08"]

1. e4 e6 2. d4 d5 3. e5 c5 4. c3 Nc6 5. Nf3 Qb6 6. Bd3 Bd7 7. dxc5 Bxc5 8. O-O
a5 9. a4 f6 10. exf6 gxf6 11. Na3 Nge7 12. Nb5 O-O 13. Nh4 Rf7 14. Qh5 Ne5 15.
Be2 N5g6 16. Bd2 Nxh4 17. Qxh4 Ng6 18. Qh5 e5 19. b4 Bxb5 20. Bxb5 axb4 21.
cxb4 Bf8 22. Ra3 f5 23. Rh3 Rc8 24. Be3 Qe6 25. Bd2 d4 26. Re1 Rc2 27. Qd1 Qa2
28. Ra3 Qb2 29. Rd3 Rfc7 30. Bg5 Rxf2 31. Rg3 Rcc2 32. Bf1 f4 33. Qg4 Qa2 34.
Rh3 Qf7 35. b5 Bb4 36. Rb1 Be7 37. Bxe7 Qxe7 38. a5 Rfd2 39. a6 b6 40. Ra1 Rc7
41. Bc4+ Rxc4 42. a7 Qxa7 43. Qe6+ Kh8 44. Qf6+ Kg8 45. Qe6+ Qf7 46. Ra8+ Nf8
47. Rxf8+ Kxf8 48. Qd6+ Qe7 0-1

[Event "8. Open de Calvia de Aficionados 2011"]
[Site "Calvià ESP"]
[Date "2011.10.13"]
[Round "6.15"]
[White "Berendsen, Markus"]
[Black "Svensson, Leif 1940"]
[Result "0-1"]
[WhiteElo "2035"]
[BlackElo "2156"]
[PlyCount "90"]
[EventDate "2011.10.08"]
[EventType "swiss"]
[EventRounds "9"]
[EventCountry "ESP"]
[Source "lmi"]
[SourceDate "2011.10.08"]

1. c4 c5 2. g3 Nf6 3. Bg2 e6 4. Nf3 Nc6 5. O-O Be7 6. Nc3 d5 7. cxd5 Nxd5 8. d3
O-O 9. Bd2 Nc7 10. Rc1 e5 11. Ne1 Ne6 12. Nd5 Bd6 13. Nc2 Bd7 14. a3 Rc8 15. b4
b6 16. Nce3 Bb8 17. b5 Ncd4 18. a4 f5 19. Nc4 f4 20. Nc3 Ng5 21. Ne4 Nh3+ 22.
Kh1 Bf5 23. Be1 Qe7 24. Ncd2 fxg3 25. fxg3 Bg4 26. Nf3 Kh8 27. Bc3 Rce8 28. e3
Nf5 29. Qd2 Rd8 30. Qe2 h6 31. Rce1 Nd6 32. Nxe5 Rxf1+ 33. Rxf1 Bxe2 34. Ng6+
Kh7 35. Nxe7 Bxf1 36. Bxf1 Nxe4 37. dxe4 Nf2+ 38. Kg2 Nd1 39. Nc6 Rf8 40. Nxb8
Nxe3+ 41. Kh3 Nxf1 42. Nc6 Rf2 43. Kg4 Nxh2+ 44. Kh3 Nf1 45. Nxa7 h5 0-1

[Event "8. Open de Calvia de Aficionados 2011"]
[Site "Calvià ESP"]
[Date "2011.10.13"]
[Round "6.16"]
[White "Rhein, Klaus"]
[Black "Wortmann, Dirk"]
[Result "1-0"]
[WhiteElo "2126"]
[BlackElo "2014"]
[PlyCount "95"]
[EventDate "2011.10.08"]
[EventType "swiss"]
[EventRounds "9"]
[EventCountry "ESP"]
[Source "lmi"]
[SourceDate "2011.10.08"]

1. e4 c5 2. Nc3 g6 3. f4 Bg7 4. Nf3 Nc6 5. Bb5 e6 6. Bxc6 bxc6 7. d3 Nf6 8. O-O
d5 9. e5 Nd7 10. Qe1 Nb6 11. b3 Bd7 12. Ba3 Bf8 13. Qf2 Nc8 14. Na4 Qa5 15.
Bxc5 Bxc5 16. Nxc5 Ne7 17. Nb7 Qb6 18. Nd6+ Kf8 19. d4 Nc8 20. Nxc8 Rxc8 21.
Qh4 Qd8 22. Qh6+ Kg8 23. b4 Qf8 24. Qxf8+ Kxf8 25. Nd2 Ke7 26. Nb3 Rb8 27. a3
Rb6 28. Rf3 Bc8 29. Rc3 Ba6 30. Re1 h5 31. Kf2 Bc4 32. Nd2 Bb5 33. Ra1 Ba4 34.
Rc5 Ra6 35. Nb1 Rb8 36. Ke3 Bb5 37. Nd2 Kd7 38. Nb3 Ba4 39. Rxd5+ cxd5 40. Nc5+
Ke7 41. Nxa6 Rc8 42. Nc5 Bxc2 43. Kd2 Bf5 44. Rc1 g5 45. fxg5 h4 46. Ke3 a5 47.
b5 h3 48. g3 1-0

[Event "8. Open de Calvia de Aficionados 2011"]
[Site "Calvià ESP"]
[Date "2011.10.13"]
[Round "6.17"]
[White "Porfireanu, Serban"]
[Black "Martinez Vicario, Jose Maria"]
[Result "0-1"]
[WhiteElo "1954"]
[BlackElo "2109"]
[PlyCount "76"]
[EventDate "2011.10.08"]
[EventType "swiss"]
[EventRounds "9"]
[EventCountry "ESP"]
[Source "lmi"]
[SourceDate "2011.10.08"]

1. Nf3 f5 2. d4 Nf6 3. g3 g6 4. Bg2 Bg7 5. O-O O-O 6. c4 d6 7. Nc3 c6 8. Qc2
Qc7 9. Bf4 Nh5 10. Bd2 e5 11. dxe5 dxe5 12. e4 f4 13. c5 Bg4 14. Ng5 Qe7 15. h4
h6 16. Qb3+ Kh8 17. Bh3 hxg5 18. Bxg4 gxh4 19. gxf4 Nxf4 20. Bxf4 Rxf4 21. f3
Na6 22. Ne2 Rf7 23. Kg2 Raf8 24. Rh1 Nxc5 25. Qe3 Kg8 26. Rad1 Bf6 27. b4 Ne6
28. Qb3 Re8 29. Rd2 Kg7 30. b5 Nd4 31. Nxd4 exd4 32. bxc6 bxc6 33. Kh3 Qe5 34.
Rg1 Rb8 35. Qd3 Bg5 36. Rdg2 Be3 37. Rf1 Rb2 38. Rfg1 Bxg1 0-1

[Event "8. Open de Calvia de Aficionados 2011"]
[Site "Calvià ESP"]
[Date "2011.10.13"]
[Round "6.18"]
[White "Planas Gene, Juan"]
[Black "Crespi Lopez, Juan Josep"]
[Result "1/2-1/2"]
[WhiteElo "2105"]
[BlackElo "1986"]
[PlyCount "84"]
[EventDate "2011.10.08"]
[EventType "swiss"]
[EventRounds "9"]
[EventCountry "ESP"]
[Source "lmi"]
[SourceDate "2011.10.08"]

1. d4 d5 2. c4 e6 3. Nc3 Nf6 4. Bg5 Be7 5. e3 O-O 6. Nf3 h6 7. Bh4 Ne4 8. Bxe7
Qxe7 9. Bd3 Nxc3 10. bxc3 dxc4 11. Bxc4 c5 12. O-O Nd7 13. Qd3 e5 14. Qe4 Re8
15. Bd3 g6 16. Rfc1 Rb8 17. Bb5 cxd4 18. cxd4 Qb4 19. Rab1 Qa5 20. Qh4 h5 21.
dxe5 a6 22. Bxd7 Bxd7 23. Qd4 Bg4 24. Ng5 Qxe5 25. Qxe5 Rxe5 26. f4 Re7 27. h3
Be6 28. Nxe6 Rxe6 29. Kf2 b5 30. Rd1 Rc8 31. Rd2 Kg7 32. Rb4 f5 33. Rd7+ Kf6
34. a4 Rc2+ 35. Kf3 Rc3 36. axb5 Rcxe3+ 37. Kf2 Re2+ 38. Kg1 axb5 39. Rxb5 R2e4
40. g3 Re1+ 41. Kf2 R1e2+ 42. Kf1 Re1+ 1/2-1/2

[Event "8. Open de Calvia de Aficionados 2011"]
[Site "Calvià ESP"]
[Date "2011.10.13"]
[Round "6.19"]
[White "Orcera Gomez, Francisco"]
[Black "Obers, Frits"]
[Result "0-1"]
[WhiteElo "1764"]
[BlackElo "2105"]
[PlyCount "68"]
[EventDate "2011.10.08"]
[EventType "swiss"]
[EventRounds "9"]
[EventCountry "ESP"]
[Source "lmi"]
[SourceDate "2011.10.08"]

1. Nf3 c5 2. c4 g6 3. g3 Bg7 4. Bg2 Nc6 5. Nc3 e5 6. d3 Nge7 7. e4 d6 8. Be3
O-O 9. Qd2 a6 10. Bh6 Nd4 11. Nxd4 cxd4 12. Ne2 Be6 13. Bxg7 Kxg7 14. O-O Qd7
15. f4 f6 16. b3 Ng8 17. Rf2 Nh6 18. Qb4 Ng4 19. Bh3 Nxf2 20. Bxe6 Nxd3 21. Qd2
Qxe6 22. Qxd3 Rfc8 23. Re1 b5 24. Rc1 bxc4 25. bxc4 Rab8 26. f5 Qd7 27. g4 gxf5
28. gxf5 Kh8 29. Qh3 Rb2 30. Ng3 Qg7 31. Kh1 Qg5 32. Rg1 Rg8 33. Ne2 Qxg1+ 34.
Nxg1 Rb1 0-1